LEADER 01107nam a2200265 4500 001 000000342111 003 CaOOAMICUS 005 20200917000000.0 008 200917s2019 it 000 u ita r 020 $a978-88-07-03367-4 040 $aSeMil$bita 100 1 $aMasino, Paola,$d<1908-1989>.$0(OLS)http://semarc/name/56268 245 10$aNascita e morte della massaia /$cPaola Masino ; introduzione di Nadia Fusini ; a cura di Elisa Gambaro. 264 1$aMilano :$bFeltrinelli,$c2019. 300 $a237 p. ;$c22 cm 700 1 $aFusini, Nadia.$0(OLS)http://semarc/name/49107 700 1 $aGambaro, Elisa.$0(OLS)http://semarc/name/112130 830 0$aNarratori.$0(OLS)http://semarc/title/425583 850 $aSeMil 852 $aSeMil$W1$xVenegono$y1$m1A II 266$j222313$B233119$CSeMilBibl$Z2$F233119 $81 961 $aPerego don Stefano - Omaggio 996 $6020$a978-88-07-03367-4$9(OLS)http://semarc/number/291243 996 $6245$aNascita e morte della massaia$9(OLS)http://semarc/title/430982 996 $6264$aMilano :$bFeltrinelli$9(OLS)http://semarc/publisher/30237 LEADER 01003nam a2200229 4500 001 000000336551 003 CaOOAMICUS 005 20200304090604.0 008 190918s2009 ci 000 u hrv r 040 $aSeMil$bita 100 1 $aTettamanzi, Dionigi,$c.$0(OLS)http://semarc/name/89456 240 10$aQuesta è la nostra fede!.$0(OLS)http://semarc/title/406770 245 00$aOvo je na?a vjera! : $btuma?enje Creda /$cDionigi Tettamanzi. 264 1$aZagreb :$bKr?canska sada?njost,$c2009. 300 $a159 p. ;$c20 cm 490 1 $aTeolo?ke meditacije ;$v33 830 0$aTeolo?ke meditacije ;$v33.$0(OLS)http://semarc/title/425779 850 $aSeMil 852 $aSeMil$W1$xVenegono$y1$m2F I 273$j256426$B230840$CSeMilBibl$Z2$F230840 $81 996 $6245$aOvo je na?a vjera! : $btuma?enje Creda$9(OLS)http://semarc/title/425780 996 $6264$aZagreb :$bKr?canska sada?njost$9(OLS)http://semarc/publisher/33232